Medios de comunicación y acumulación de capital /

Desde una perspectiva teórica materialista se estudia la evolución de la comunicación masiva en las sociedades capitalistas. De este análisis se interpreta que estos medios se consolidan como instrumentos de la acumulación y expansión del sistema capitalista. Y para favorecer esto se vinculan a las...

Descripción completa

Guardado en:
Detalles Bibliográficos
Autor principal: Esteinou Madrid, Javier (autor)
Otros autores: Pontones, Jaime (presentación) (presentación)
Formato: Libro
Idioma:Español
Colección:(Cuadernos del Centro de Servicio y Promoción Social. Investigación ; 2)
Temas:
Etiquetas: Agrega una etiqueta
Sin etiquetas, Sé el primero en etiquetar este registro!

MARC

LEADER 00000nam^a2200000^a^4500
001 000337213
005 20250521000000.0
009 20260310114321.298
037 |a Acervo Xavier Clavigero 
041 |a ESP 
082 |a 322. 31  |b EST 
100 |a Esteinou Madrid, Javier  |e (autor) 
245 1 0 |a Medios de comunicación y acumulación de capital /  |c J. Esteinou Madrid ; presen. de J. Pontones. 
264 |a México :  |b Universidad Iberoamericana,  |c fecha no identificada 
300 |a 37 p. 
336 |a texto  |b txt  |2 rdacontenido 
337 |a sin mediación  |b n  |2 rdamedio 
338 |a volumen  |b nc  |2 rdasoporte 
440 1 |a (Cuadernos del Centro de Servicio y Promoción Social.  |p Investigación ;  |v 2) 
520 |a Desde una perspectiva teórica materialista se estudia la evolución de la comunicación masiva en las sociedades capitalistas. De este análisis se interpreta que estos medios se consolidan como instrumentos de la acumulación y expansión del sistema capitalista. Y para favorecer esto se vinculan a las políticas comunicativas de muchos Estados. 
649 |a XX 
650 |a Comunicación Masiva -  |x Teoría 
650 |a Capitalismo 
650 |a Capital 
650 |a Economía 
650 |a Comunicación Masiva -  |x Teoría -  |x Tema Principal 
650 |a Comunicación y Política -  |x Tema Principal 
700 |a Pontones, Jaime  |e (presentación) 
910 |a Fondo General 
920 |a Impresos - Libros 
930 |a Colección General 
905 |a 101 
901 |a 059387  |b IT1  |c ACC  |u 20250521 
901 |a 039669  |b IT1  |c ACC  |u 20250521 
902 |a https://opac.biblio.iteso.mx/vufind/Record/000337213